<?xml version="1.0" encoding="UTF-8"?>
<record
    xmlns:xsi="http://www.w3.org/2001/XMLSchema-instance"
    xsi:schemaLocation="http://www.loc.gov/MARC21/slim http://www.loc.gov/standards/marcxml/schema/MARC21slim.xsd"
    xmlns="http://www.loc.gov/MARC21/slim">

  <leader>02965nam a22004457a 4500</leader>
  <controlfield tag="003">PE-LiUPU</controlfield>
  <controlfield tag="005">20250731180159.0</controlfield>
  <controlfield tag="008">230525b        |||||||| |||| 00| 0 spa d</controlfield>
  <datafield tag="020" ind1=" " ind2=" ">
    <subfield code="a">968463031X</subfield>
  </datafield>
  <datafield tag="040" ind1=" " ind2=" ">
    <subfield code="b">spa</subfield>
    <subfield code="c">PE-LiUPU</subfield>
    <subfield code="d">PE-LiUPU</subfield>
    <subfield code="e">rda</subfield>
  </datafield>
  <datafield tag="082" ind1=" " ind2=" ">
    <subfield code="2">23</subfield>
    <subfield code="a">508.09</subfield>
    <subfield code="b">R741i</subfield>
  </datafield>
  <datafield tag="100" ind1=" " ind2=" ">
    <subfield code="a">Rojas Garcidue&#xF1;as, Manuel.</subfield>
    <subfield code="9">1061</subfield>
    <subfield code="d">1925-2021</subfield>
  </datafield>
  <datafield tag="245" ind1=" " ind2=" ">
    <subfield code="a">Introducci&#xF3;n a la historia de la ciencia /</subfield>
    <subfield code="c">Manuel Rojas Garcidue&#xF1;as.</subfield>
  </datafield>
  <datafield tag="250" ind1=" " ind2=" ">
    <subfield code="a">Primera edici&#xF3;n.</subfield>
  </datafield>
  <datafield tag="264" ind1=" " ind2=" ">
    <subfield code="a">Mexico :</subfield>
    <subfield code="b">AGT Editor, S.A.,</subfield>
    <subfield code="c">[198_]</subfield>
  </datafield>
  <datafield tag="300" ind1=" " ind2=" ">
    <subfield code="a">214 p&#xE1;ginas :</subfield>
    <subfield code="b">figuras en blanco y negro ;</subfield>
    <subfield code="c">20 cent&#xED;metros.</subfield>
  </datafield>
  <datafield tag="504" ind1=" " ind2=" ">
    <subfield code="a">Bibliograf&#xED;a general: p&#xE1;ginas 213-214.</subfield>
  </datafield>
  <datafield tag="505" ind1=" " ind2=" ">
    <subfield code="a">NACIMIENTO DE LA CIENCIA:  El nacimiento del esp&#xED;ritu cient&#xED;fico -- Los atomistas -- La medicina griega -- El esp&#xED;ritu cient&#xED;fico en Atenas -- El nacimiento de la ciencia aplicada. DECADENCIA DE LA CIENCIA ANTIGUA -- El fin del mundo helen&#xED;stico -- La ciencia en la alta Edad Media y en Bizancio -- La ciencia en la baja Edad Media y en el mundo &#xE1;rabe.  RENACIMIENTO DEL ESP&#xCD;RITU CIENT&#xCD;FICO (1450-1600): El mundo renacentista -- Tecnolog&#xED;a renacentista -- La ciencia renacentista. LA FUNDAMENTACI&#xD3;N DE LA CIENCIA, EL SIGLO XVII: La fundamentaci&#xF3;n filos&#xF3;fica de la ciencia La revoluci&#xF3;n en f&#xED;sica: Galileo y Newton -- La qu&#xED;mica. El flogisto -- Las ciencias biol&#xF3;gicas -- La crisis de las universidades. Las Academias &#x2013; LA REVOLUCI&#xD3;N CIENT&#xCD;FICA, EL SIGLO XVIII: El impacto social de la ciencia -- El nacimiento de la nueva sociedad --Los avances de la f&#xED;sica -- La fundamentaci&#xF3;n de la qu&#xED;mica -- Las ciencias biol&#xF3;gicas, Los naturalistas -- Las ciencias biol&#xF3;gicas. La biolog&#xED;a cuantitativa -- Las ciencias biol&#xF3;gicas. La disputa entre mecanicismo y vitalismo -- Las ciencias biol&#xF3;gicas. La disputa por el origen de los seres vivos -- Precursores de la biolog&#xED;a aplicada -- La revoluci&#xF3;n industrial y agraria -- Las causas y el impacto de la revoluci&#xF3;n industrial. SIGLO XIX, EL MUNDO VICTORIANO:  Positivismo y tecnolog&#xED;a -- Los avances de la f&#xED;sica -- Los avances de la qu&#xED;mica -- La fundamentaci&#xF3;n de la biolog&#xED;a moderna -- Los avances de la biolog&#xED;a -- La unificaci&#xF3;n de la ciencia -- La crisis cient&#xED;fica y social del siglo XIX. CIENCIA Y TECNOLOG0A EN EL SIGLO XX:  La f&#xED;sica moderna -- La biolog&#xED;a moderna -- Tecnolog&#xED;a y sociedad.</subfield>
  </datafield>
  <datafield tag="526" ind1=" " ind2=" ">
    <subfield code="a">SEG44</subfield>
  </datafield>
  <datafield tag="526" ind1=" " ind2=" ">
    <subfield code="a">SEG26</subfield>
  </datafield>
  <datafield tag="526" ind1=" " ind2=" ">
    <subfield code="a">P159</subfield>
  </datafield>
  <datafield tag="526" ind1=" " ind2=" ">
    <subfield code="a">P155</subfield>
  </datafield>
  <datafield tag="526" ind1=" " ind2=" ">
    <subfield code="a">P154</subfield>
  </datafield>
  <datafield tag="526" ind1=" " ind2=" ">
    <subfield code="a">P153</subfield>
  </datafield>
  <datafield tag="526" ind1=" " ind2=" ">
    <subfield code="a">P150</subfield>
  </datafield>
  <datafield tag="526" ind1=" " ind2=" ">
    <subfield code="a">P100</subfield>
  </datafield>
  <datafield tag="526" ind1=" " ind2=" ">
    <subfield code="a">P31</subfield>
  </datafield>
  <datafield tag="526" ind1=" " ind2=" ">
    <subfield code="a">P30</subfield>
  </datafield>
  <datafield tag="526" ind1=" " ind2=" ">
    <subfield code="a">P26</subfield>
  </datafield>
  <datafield tag="526" ind1=" " ind2=" ">
    <subfield code="a">P25</subfield>
  </datafield>
  <datafield tag="526" ind1=" " ind2=" ">
    <subfield code="a">P24</subfield>
  </datafield>
  <datafield tag="526" ind1=" " ind2=" ">
    <subfield code="a">P22</subfield>
  </datafield>
  <datafield tag="526" ind1=" " ind2=" ">
    <subfield code="a">P15</subfield>
  </datafield>
  <datafield tag="526" ind1=" " ind2=" ">
    <subfield code="a">P10</subfield>
  </datafield>
  <datafield tag="650" ind1=" " ind2="0">
    <subfield code="a">Ciencia</subfield>
    <subfield code="x">Historia</subfield>
    <subfield code="9">1065</subfield>
  </datafield>
  <datafield tag="650" ind1=" " ind2="0">
    <subfield code="a">Ciencia</subfield>
    <subfield code="x">aspectos sociales</subfield>
    <subfield code="9">1064</subfield>
  </datafield>
  <datafield tag="942" ind1=" " ind2=" ">
    <subfield code="2">ddc</subfield>
    <subfield code="c">BK</subfield>
    <subfield code="n">0</subfield>
  </datafield>
  <datafield tag="980" ind1=" " ind2=" ">
    <subfield code="6">21515</subfield>
    <subfield code="a">DIGNA BRA&#xD1;ES Analista Documental</subfield>
    <subfield code="8">1</subfield>
    <subfield code="g">ALBERTO SANCHEZ Responsable de Automatizaci&#xF3;n</subfield>
  </datafield>
  <datafield tag="999" ind1=" " ind2=" ">
    <subfield code="c">61785</subfield>
    <subfield code="d">61785</subfield>
  </datafield>
  <datafield tag="952" ind1=" " ind2=" ">
    <subfield code="r">2025-12-02 00:00:00</subfield>
    <subfield code="l">0</subfield>
    <subfield code="o">508.09 R741i</subfield>
    <subfield code="p">81392</subfield>
    <subfield code="t">e1</subfield>
    <subfield code="v">15.00</subfield>
    <subfield code="w">2023-05-25</subfield>
    <subfield code="x">UNKNOWN</subfield>
    <subfield code="y">BK</subfield>
    <subfield code="z">inventario-2023-12-13</subfield>
    <subfield code="1">0</subfield>
    <subfield code="2">ddc</subfield>
    <subfield code="5">0</subfield>
    <subfield code="7">0</subfield>
    <subfield code="8">GEN</subfield>
    <subfield code="f">UNKNOWN</subfield>
    <subfield code="a">BUL</subfield>
    <subfield code="b">BUL</subfield>
    <subfield code="c">GEN</subfield>
    <subfield code="d">2023-05-25</subfield>
  </datafield>
</record>
